| 000 | 00794nam a2200229Ia 4500 | ||
|---|---|---|---|
| 999 |
_c65178 _d65178 |
||
| 005 | 20240530110811.0 | ||
| 008 | 140319s2007 jo a b 000 0 ara d | ||
| 017 |
_a2006//4/742 _bعمان . دائرة المكتبة الوطنية |
||
| 040 |
_aGCL / _cGCL |
||
| 082 | 0 | 4 |
_221 _a747 / _bح م |
| 100 | 0 | _aحمزة الجبالى | |
| 245 | 1 | 0 |
_aمبادئ التصميم والديكور / _cتأليف حمزة الجبالى |
| 250 | _aط.1 | ||
| 260 |
_aعمان : _bدار اسامة للنشر والتوزيع، _c2006 |
||
| 300 |
_a160 ص. : _bايض. ؛ _c24 سم. |
||
| 650 | 0 | 7 |
_aالديكور المنزلى _2qrmak |
| 650 | 0 | 7 | _aالالوان |
| 650 | 0 | 7 |
_aالتصميم _2qrmak |
| 651 | _2qrmak | ||
| 942 |
_2ddc _cBK |
||